Twenty One Pilots - Trapdoor - Statistics

General Stats
  • This quiz has been taken 302 times
  • The average score is 146 of 182
Answer Stats
Lyrics % Correct
a
98%
He
97%
he
97%
know
95%
to
93%
and
91%
trapdoor
90%
you
90%
his
89%
me
89%
he's
88%
He's
88%
be
87%
fall
87%
knows
87%
this
87%
but
86%
But
86%
Nobody
86%
nobody
86%
up
86%
Watch
86%
watch
86%
on
85%
wakes
85%
as
84%
night
84%
early
83%
man
83%
name
83%
today
83%
Him
82%
him
82%
of
82%
see
82%
we
82%
OK
81%
through
81%
at
80%
grave
80%
just
80%
real
80%
that
80%
Do
79%
in
79%
face
78%
ignore
78%
mask
78%
now
78%
pretends
78%
life
77%
Take
77%
try
77%
gather
76%
late
76%
show
76%
will
76%
around
75%
Everyone
75%
favor
74%
for
74%
petrified
74%
the
74%
waste
74%
bed
73%
saw
72%
should
71%
uses
71%
finish
70%
out
70%
alter
69%
disappears
69%
one
69%
Throws
69%
own
61%
head
59%
kills
59%
nothing
59%
faster
58%
than
58%
might
57%
dead
55%
dreams
55%
thinks
55%
used
54%
eyes
53%
faith
51%
blatant
49%
backs
48%
alive
46%
watching
46%
'Cause
39%
No matching quizzes found
Score Distribution
Percent of People with Each Score
Percentile by Number Answered
Your Score History
You have not taken this quiz